banner koha

Dendroecologia de Gymnanthes klotzschiana Müll. Arg. em um remanescente de Floresta Ombrófila Mista Aluvial no Sul do Brasil (Registro n. 299184)

MARC details
000 -LÍDER
fixed length control field 04032nab a2200277 i 4500
003 - CÓDIGO MARC DA AGÊNCIA CATALOGADORA
Campo de controle BR-BrBNA
005 - DATA E HORA DA ÚLTIMA ATUALIZAÇÃO
Campo de controle 20240415150711.0
008 - CAMPO DE TAMANHO FIXO
fixed length control field 240415b2019 bl.qr|pooa||| 00| 0 por |
040 ## - FONTE DA CATALOGAÇÃO
Agência catalogadora BR-BrBNA
Idioma da catalogação por
072 ## - CATEGORIA AGRIS
Código AGRIS K10
100 ## - ENTRADA PRINCIPAL - NOME PESSOAL
Nome pessoal Longhi-Santos, Tomaz
100 ## - ENTRADA PRINCIPAL - NOME PESSOAL
Nome pessoal Galvão, Franklin
100 ## - ENTRADA PRINCIPAL - NOME PESSOAL
Nome pessoal Botosso, Paulo Cesar
100 ## - ENTRADA PRINCIPAL - NOME PESSOAL
Nome pessoal Martins, Kelly Geronazzo
245 ## - TÍTULO PRINCIPAL
Título principal Dendroecologia de Gymnanthes klotzschiana Müll. Arg. em um remanescente de Floresta Ombrófila Mista Aluvial no Sul do Brasil
500 ## - NOTA GERAL
Nota geral Publicação on-line; Bibliography p. 1372-1375 (64 ref.); 1 table; 4 illus.; Summaries (En, Pt)
942 ## - ADDED ENTRY ELEMENTS (KOHA)
Koha item type
520 ## - NOTA DE RESUMO
Nota de conteúdo <br/><br/>Resumo<br/><br/>Em um remanescente de Floresta Ombrófila Mista Aluvial, foram abatidas 56 árvores adultas de Gymnanthes<br/>klotzschiana, árvore típica e representativa desta formação e popularmente conhecida como branquilho, às<br/>margens do rio Barigui, em Araucária - PR, o qual teve o curso de seu leito retificado na década de 1960.<br/>Considerando-se as técnicas e premissas básicas para estudos dendrocronológicos, os discos foram secos,<br/>polidos e os anéis de crescimento identificados e demarcados, para a construção de séries cronológicas<br/>e sua correlação com variáveis climáticas/ambientais. O presente trabalho tem por objetivo verificar<br/>se: (i) Gymnanthes klotzschiana apresenta características potenciais para estudos dendroecológicos; (ii) a<br/>espécie responde a estímulos ambientais e intervenções antrópicas; (iii) a estrutura etária das árvores<br/>estudadas é compatível com a ocorrência de distúrbios antrópicos na região. A análise dos resultados<br/>reforça a potencialidade da espécie em estudos dendroecológicos, considerando a sincronia dos dados e<br/>a sensibilidade às variáveis climáticas. Além disso, a idade máxima constatada das árvores analisadas é<br/>próxima ao final do ciclo de extração da madeira utilizada pelas embarcações a vapor nesta região, que<br/>preponderaram até meados da década de 1950.<br/><br/>Palavras-chave: Anéis de crescimento; Respostas ambientais; Intervenções antrópicas; Planície de<br/>inundação
520 ## - NOTA DE RESUMO
Nota de conteúdo <br/><br/>Abstract<br/><br/>In a remnant area of Alluvial Ombrophylous Forest, 56 adult trees of Gymnanthes klotzschiana, a typical<br/>and representative tree of this formation and popularly known as “branquilhos”, were slaughtered on<br/>the banks of the Barigui River, in Araucária, PR state, which the watercourse was rectified in the 1960s.<br/>Following the techniques for dendrochronological studies, the discs were dried, polished and the growth<br/>rings identified and marked, for the construction of chronological series and their correlation with<br/>climatic/environmental variables. This study aims to verify, if (i) Gymnanthes klotzschiana presents potential<br/>characteristics for dendroecological studies; (ii) the species responds to environmental stimuli and<br/>anthropogenic disturbances (iii) the age structure of the studied trees is compatible with environmental<br/>disturbances, documented for the region. The analysis of the results reinforces the potentiality of the<br/>species in dendroecological studies, considering the synchrony of the data and the sensitivity to the<br/>climatic variables. In addition, the maximum tree age corresponds to the end of the harvest intervention<br/>in this region, which prevailed until the middle of 1950s.<br/><br/>Keywords: Tree rings; Environmental responses; Anthropogenic disturbances; Floodplain
650 ## - ASSUNTO - THESAGRO
Cabeçalho tópico ou nome geográfico DENDROLOGIA
650 ## - ASSUNTO - THESAGRO
Cabeçalho tópico ou nome geográfico ÁRVORE
650 ## - ASSUNTO - THESAGRO
Cabeçalho tópico ou nome geográfico MADEIRA
773 0# - ENTRADA ANALÍTICA
Host Biblionumber 4065
Registro do item 314151
Imprenta Santa Maria-RS Universidade Federal de Santa Maria - Centro de Pesquisas Florestais.Departamento de Ciências Florestais. Programa de Pós-Graduação em Engenharia Florestal 1991
Outro identificador 2024-0405
Título Ciência Florestal (Brazil)
ISSN 0103-9954; 1980-5098 (on-line)
Colação v. 29(3) p. 1363-1375; (Jul-Sep 2019)
Número de controle de registro BR2023001686
856 ## - ACESSO E ENDEREÇO ELETRÔNICO
Identificador uniforme de recurso - URI https://www.scielo.br/j/cflo/a/vZNXN45DkkR9yWXYzBr7xPD/?format=pdf&lang=pt

Nenhum exemplar disponível.

BINAGRI

Telefone: (61)3218-2567/2388/3357/2097 - binagri@agro.gov.br

Ministério da Agricultura e Pecuária , Esplanada dos Ministérios, Bloco D, Anexo B, Brasília/DF, CEP: 70.043-900